Lived at the time of Martin Luther King / (Record no. 102075)
[ view plain ]
| 000 -LEADER | |
|---|---|
| fixed length control field | 00395nam a2200145 a 4500 |
| 005 - DATE AND TIME OF LATEST TRANSACTION | |
| control field | 20140412111227.0 |
| 008 - FIXED-LENGTH DATA ELEMENTS--GENERAL INFORMATION | |
| fixed length control field | 100122s19uu xx 00 eng d |
| 020 ## - INTERNATIONAL STANDARD BOOK NUMBER | |
| International Standard Book Number | 0-590-42582-x |
| 050 ## - LIBRARY OF CONGRESS CALL NUMBER | |
| Classification number | M 305.896 |
| Item number | L57 1990 |
| 100 ## - MAIN ENTRY--PERSONAL NAME | |
| Personal name | Levine, Ellen |
| 245 ## - TITLE STATEMENT | |
| Title | Lived at the time of Martin Luther King / |
| Statement of responsibility, etc | Ellen Levine. |
| 260 ## - PUBLICATION, DISTRIBUTION, ETC. (IMPRINT) | |
| Place of publication, distribution, etc | U.S.A : |
| Name of publisher, distributor, etc | Scholastic, |
| Date of publication, distribution, etc | 1990. |
| 300 ## - PHYSICAL DESCRIPTION | |
| Extent | 79p. |
| Withdrawn status | Lost status | Damaged status | Use restrictions | Home library | Current library | Shelving location | Date acquired | Source of acquisition | Cost, normal purchase price | Total Checkouts | Full call number | Barcode | Date last seen | Price effective from | Koha item type |
|---|---|---|---|---|---|---|---|---|---|---|---|---|---|---|---|
| Elizalde Library | Elizalde Library | Main Section | 01/22/2010 | 100.00 | M 305.896 L57 1990 | E0455 | 04/12/2014 | 04/12/2014 | Books |